000 01917cam a2200433 4500
003 PE-LiUPU
005 20250731172925.0
008 170508s1935 r 000 0 spa d
020 _a9780943575513
035 _a(Sirsi) a203936
040 _aPE-LiUPU
082 0 4 _a220.7
_bH39
100 1 _aHenry, Matthew,
_d1662-1714,
_eautor.
245 _aMatthew Henry's commentary on the whole Bible :
_bwhere in each chapter is summed up in its contents ; the sacred text inserted at large, in distinct paragraphs ; each paragraph reduced to its proper heads ; the sense given, and largely illustrated ; with practical remarks and observations /introd. by Charles G. Trumbull. /
_cMatthew Henry.
264 1 _aOld Tappan, N.J. :
_bFleming H. Revell,
_c[pref. 1935]
300 _a2 volumenes ;
_c24 centímetros.
336 _text
_2rdacontent
337 _unmediated
_2rdamedia
338 _volume
_2rdacarrier
505 0 _av. 3. Job to Song of Solomon -- v. 5. Matthew to John -- v.2. Joshua to Esther.
526 _aSEG42
526 _aSEG41
526 _aSEG40
526 _aSEG39
526 _aP94
526 _aP87
526 _aP86
526 _aP85
526 _aP77
526 _aP76
526 _aP35
650 _aBiblia
_xComentarios
596 _a1
942 _2ddc
_cBOOK
999 _a220.7 H39
_wLC
_c20314
_i75819
_d20314
_f2021-11-9
_g4
_lCCODEBUL1
_mBUL
_q2
_r0
_sY
_tBOOK
_u2017-5-8
_xTEOLOGIA
_PP85
_0COMPRA
_o.STAFF. Colección Teología
999 _a220.7 H39
_wLC
_c2
_i75820
_d2019-11-21
_f2021-11-9
_g4
_lCCODEBUL1
_mBUL
_q5
_r0
_sY
_tBOOK
_u2017-5-8
_xTEOLOGIA
_PP85
_0COMPRA
_o.STAFF. Colección Teología
999 _a220.7 H39
_wLC
_c3
_i75832
_d2018-4-23
_f2021-11-9
_g4
_lCCODEBUL1
_mBUL
_q1
_r0
_sY
_tBOOK
_u2017-5-10
_xTEOLOGIA
_PP35
_0COMPRA
_o.STAFF. Colección Teología
980 _81
_gALBERTO SANCHEZ Responsable de Automatización